00302nam a2200121Ia 4500008004100000100002200041245003900063260003500102300000800137650001300145942000700158999001500165190216s9999||||xx |||||||||||||| ||und|| aSharan Byuptakesh 0aInternational Financial Management bPrentice Hall Of India Pvt Ltd a552 aCommerce cBK c6953d6953